PageMaker 5.0
Gespeichert in:
| 1. Verfasser: | |
|---|---|
| Weitere Verfasser: | , |
| Format: | Buch |
| Sprache: | Deutsch |
| Veröffentlicht: |
Haar bei München
Markt und Technik
1993
|
| Ausgabe: | 1. Aufl. |
| Schriftenreihe: | Schnell-Übersicht PC
|
| Tags: |
Keine Tags, Fügen Sie das erste Tag hinzu!
|
MARC
| LEADER | 00000nam a2200000 4500 | ||
|---|---|---|---|
| 001 | c010342 | ||
| 005 | 20240201131254.1 | ||
| 020 | |a 3-87791-103-X | ||
| 041 | 0 | |a ger | |
| 044 | |a DE | ||
| 245 | 1 | 0 | |a PageMaker 5.0 |c Josef Steiner, Rudi Kost, Markus Breuer |
| 250 | |a 1. Aufl. | ||
| 264 | 1 | |a Haar bei München |b Markt und Technik |c 1993 | |
| 300 | |a 354 s. | ||
| 490 | 1 | |a Schnell-Übersicht PC | |
| 830 | 0 | |a Schnell-Übersicht PC | |
| 100 | 1 | |a Steiner, Josef | |
| 700 | 1 | |a Kost, Rudi | |
| 700 | 1 | |a Breuer, Markus | |